| 000 | 00763nam a2200217 a 4500 | ||
|---|---|---|---|
| 005 | 20221124063827.0 | ||
| 008 | 991125s1980 mx 000 0 spa u | ||
| 020 | _a9685829047 | ||
| 035 | _aUPN01000022846 | ||
| 040 |
_aUPN _bspa _cUPN |
||
| 049 | _aCG | ||
| 050 | 4 |
_aLE7.2931 _bU22 1980 |
|
| 100 | 1 |
_aMaría y Campos, Alfonso de _932062 |
|
| 245 | 1 | 0 |
_aEstudio histórico-jurídico de la Universidad Nacional 1881-1929 / _cAlfonso de María y Campos. |
| 260 |
_aMéxico : _bUNAM, Comisión Técnica de Estudios y Proyectos Legislativos, _c1980. |
||
| 300 | _a244 p. | ||
| 440 | 0 |
_aComisión técnica de estudios y proyectos legislativos ; _v3 |
|
| 610 | 2 | 4 |
_aUniversidad Nacional Autónoma de México _xHistoria _94433 |
| 905 | _aLibro | ||
| 942 |
_2lcc _cLIBRO |
||
| 999 |
_c22846 _d22846 |
||